000 01410nem0a2200289 4500
001 RU\NLR\BIBL_A\016213911
005 20250624234655.0
035 _a(NLR Aleph) 016213911
090 _a12716062
_c12716062
100 _a20221121d18951922|||y0rusy50 ca
101 0 _arus
102 _aRU
120 _abyy xx||
123 1 _aа
_b210000
200 1 _a5-верстная карта Кавказа
_bКарты
206 _a1:210 000, 5 верст в дюйме (2,1 км в 1 см)
210 _a[Санкт-Петербург
_aПетроград
_aТифлис
_cВоенно-топографический отдел Кавказского военного округа
_cТопографический отдел штаба Отдельной Кавказской армии
_d1895-1922]
215 _a1 к. (83 л.)
_cцв.
_d64х54 см
316 _aНа обороте л. И.7.: л. З.5.в. Азиатской Турции (1:84 000)
_5NLR
316 _aНа обороте л. Г.6.: л. В.3. в. Кутаисской губ. (1:84 000)
_5NLR
509 0 1 _7ca
_aКавказ
_92633926
_3RU\NLR\auth_crt\55754
607 _aКавказ
_jКарты
_9945522
_3RU\NLR\AUTH\6632006
608 _aОбщегеографические карты крупномасштабные
_92326968
_3RU\NLR\AUTH\661391775
852 _aNLR
_bК
_j3-Кав 2/171
_m18919
942 _cMAP
980 _aNB